Remote Sensing in Civil Engineering (Record no. 545645)

000 -LEADER
fixed length control field 00508nam a2200169 a 4500
020 ## - INTERNATIONAL STANDARD BOOK NUMBER
International Standard Book Number 0470201355 (hb)
082 ## - DEWEY DECIMAL CLASSIFICATION NUMBER
Classification number 621.3678
Author Mark KEN
-- L-38, P-128
100 ## - MAIN ENTRY--PERSONAL NAME
Personal name Kennine, T. J
9 (RLIN) 41575
245 1# - TITLE STATEMENT
Title Remote Sensing in Civil Engineering
260 ## - PUBLICATION, DISTRIBUTION, ETC.
Place of publication, distribution, etc. Glasgow:
Name of publisher, distributor, etc. Surrey University Press,
Date of publication, distribution, etc. 1985
300 ## - PHYSICAL DESCRIPTION
Extent xiv, 357p.
526 ## - STUDY PROGRAM INFORMATION NOTE
Program name 0
Interest level 0
Reading level 0
Title point value 621_367800000000000_KEN
650 ## - SUBJECT ADDED ENTRY--TOPICAL TERM
Topical term or geographic name entry element Civil Engineering -- Remote Sensing
9 (RLIN) 41576
650 ## - SUBJECT ADDED ENTRY--TOPICAL TERM
Topical term or geographic name entry element MCE
9 (RLIN) 379
700 ## - ADDED ENTRY--PERSONAL NAME
Personal name Kennie, T. J. M. (ed.)
9 (RLIN) 41577
942 ## - ADDED ENTRY ELEMENTS (KOHA)
Source of classification or shelving scheme
Koha item type Book
Holdings
Withdrawn status Lost status Source of classification or shelving scheme Damaged status Not for loan Permanent Location Current Location Date acquired Total Checkouts Total Renewals Full call number Barcode Date last seen Date last checked out Price effective from Koha item type
          Military College of Engineering (MCE) Military College of Engineering (MCE) 05/27/2014 1 1 621.3678 KEN MCE-29752 01/13/2016 11/24/2015 05/27/2014 Book
© 2023 Central Library, National University of Sciences and Technology. All Rights Reserved.